|
|
|
|
| LEADER |
01322nam a22002777a 4500 |
| 001 |
34823 |
| 003 |
BD-DhAAL |
| 005 |
20190801124002.0 |
| 008 |
190722t2014 bg 000 1 ben d |
| 999 |
|
|
|c 40909
|d 40909
|
| 020 |
|
|
|a 9848324823
|
| 040 |
|
|
|a DB-DhAAL
|c DB-DhAAL
|
| 041 |
0 |
|
|a ben
|
| 082 |
0 |
0 |
|a 891.44371
|2 22
|
| 245 |
1 |
0 |
|a বিভূতিভূষণের শ্রেষ্ঠ উপন্যাস /
|c মিলন রায় সম্পাদিত
|
| 260 |
|
|
|a ঢাকা :
|b তিশা বুকস ট্রেড,
|c ২০১৪
|
| 300 |
|
|
|a ৭৯৯ পৃৃষ্ঠা ;
|c ২২ সে.মি.
|
| 500 |
|
|
|a Novel.
|
| 526 |
|
|
|a Residential Campus
|
| 541 |
|
|
|a Development Book Agency
|e 34823, 34988
|
| 651 |
|
0 |
|a Bangladesh
|x Fiction.
|9 25476
|
| 700 |
|
|
|a রায়, মিলন
|9 32981
|
| 852 |
1 |
|
|a Savar Campus Library
|c General Stacks
|
| 942 |
|
|
|2 ddc
|c BK
|
| 952 |
|
|
|0 0
|1 0
|2 ddc
|4 0
|6 891_443710000000000_BIB
|7 0
|9 65670
|a SCL
|b SCL
|c GEN
|d 2019-07-17
|e Development Book Agency
|g 425.00
|l 4
|m 19
|o 891.44371 BIB
|p 3020034823
|r 2025-03-22
|s 2025-02-24
|t 1
|v 425.00
|w 2019-07-17
|y BK
|
| 952 |
|
|
|0 0
|1 0
|2 ddc
|4 0
|6 891_443710000000000_BIB
|7 0
|9 65839
|a BRACUL
|b BRACUL
|c GEN
|d 2019-07-24
|e Development Book Agency
|g 425.00
|l 9
|m 128
|o 891.44371 BIB
|p 3010034988
|q 2026-06-02
|r 2026-05-20
|s 2026-05-20
|t 1
|v 425.00
|w 2019-07-24
|y BK
|